|
|
|
|
| LEADER |
00000nam0a2200000 4500 |
| 001 |
133852 |
| 005 |
20231101220444.0 |
| 035 |
|
|
|a (RuTPU)RU\TPU\book\145093
|
| 090 |
|
|
|a 133852
|
| 100 |
|
|
|a 20080321d1988 m y0rusy50 ca
|
| 101 |
1 |
|
|a rus
|c eng
|
| 102 |
|
|
|a RU
|
| 105 |
|
|
|a a z 000ay
|
| 200 |
1 |
|
|a Пертская красавица, или Валентинов день
|e роман
|f В. Скотт
|g пер. с англ. Н. Вольпин ; авт. послесл. Н. Банников ; худож. Б. Пашков
|
| 210 |
|
|
|a Москва
|c Правда
|d 1988
|
| 215 |
|
|
|a 480 с.
|c ил.
|
| 225 |
1 |
|
|a Мир приключений
|
| 333 |
|
|
|a Исключено из фонда НТБ ТПУ
|
| 700 |
|
1 |
|a Скотт
|b В.
|c английский писатель
|f 1771-1832
|g Вальтер
|9 1830
|
| 702 |
|
1 |
|a Вольпин
|b Н.
|4 730
|
| 702 |
|
1 |
|a Банников
|b Н.
|4 075
|
| 702 |
|
1 |
|a Пашков
|b Б.
|4 440
|
| 801 |
|
1 |
|a RU
|b 63413507
|c 20080321
|g PSBO
|
| 801 |
|
2 |
|a RU
|b 63413507
|c 20220602
|g RCR
|
| 942 |
|
|
|c BK
|